000 00561cam a2200145 4500500
005 20251228082900.0
041 _afre
042 _adc
100 1 0 _aTonolo, Sophie
_eauthor
245 0 0 _aDe la froideur de Diane au Palais de la Volupté : quelques aspects de la chasse dans la poésie de la seconde moitié du XVIIe siècle
260 _c2005.
500 _a1
786 0 _nDix-septième siècle | 226 | 1 | 2005-03-01 | p. 41-53 | 0012-4273
856 4 1 _uhttps://shs.cairn.info/revue-dix-septieme-siecle-2005-1-page-41?lang=fr&redirect-ssocas=7080
999 _c1599965
_d1599965